| 000 | 00502nam a22001937a 4500 | ||
|---|---|---|---|
| 003 | CEME | ||
| 005 | 20210628205849.0 | ||
| 008 | 210317b xxu||||| |||| 00| 0 eng d | ||
| 020 | _a0-07-112939-1 | ||
| 040 | _c. | ||
| 082 | _a620.112 BEE | ||
| 100 |
_aBeer, Ferdinand.P Johnston, E.Russell _956612 |
||
| 245 | _aMechanics of materials metric edition | ||
| 250 | _a2ND | ||
| 260 |
_aLONDON _bMCGRAW HILL _c1992 |
||
| 300 | _aXVI,736P | ||
| 650 |
_aMATERIALS, MECHANICS _977297 |
||
| 942 |
_cBK _2ddc |
||
| 999 |
_c582591 _d582591 |
||